000 00639nam a2200217Ia 4500
003 OSt
005 20220925204824.0
006 a|||||r|||| 00| 0
007 ta
008 220923b |||||||| |||| 00| 0 eng d
037 _cGeneral Book
040 _aRTL
_cRTL
_beng
041 _2eng
_aeng
082 _aX:8E.271n.N5, K8
110 _aMadhya Pradesh (Govt. of-)
_9269075
245 0 _aBudget Estimate for the year 1967-68 Vol.1
260 _aGwalior
_bGovt.Regional Press India
_c1968
700 _aMadhya Pradesh (Govt. of-)
_9269076
942 _hX:8E.271n.N5, K8
_cGB
_2CC
999 _c550530
_d550530